000
00251nam a2200109Ia 4500
999
_c
9881
_d
9881
020
_a
978-8131102145
100
_a
Matthew , Zakaria
245
0
_a
Art Of Business Communication
260
_a
New Delhi
_b
Prentice Hall
_c
2004
300
_a
321
942
_c
BK